<?xml version="1.0" encoding="UTF-8"?>
<collection xmlns="http://www.loc.gov/MARC21/slim">
<record>
  <controlfield tag="001">162089</controlfield>
  <controlfield tag="005">20251017144548.0</controlfield>
  <datafield tag="024" ind1="8" ind2=" ">
    <subfield code="2">sideral</subfield>
    <subfield code="a">102389</subfield>
  </datafield>
  <datafield tag="037" ind1=" " ind2=" ">
    <subfield code="a">ART-2013-102389</subfield>
  </datafield>
  <datafield tag="041" ind1=" " ind2=" ">
    <subfield code="a">eng</subfield>
  </datafield>
  <datafield tag="100" ind1=" " ind2=" ">
    <subfield code="a">Martínez Falquina, Silvia</subfield>
    <subfield code="u">Universidad de Zaragoza</subfield>
    <subfield code="0">(orcid)0000-0002-8054-095X</subfield>
  </datafield>
  <datafield tag="245" ind1=" " ind2=" ">
    <subfield code="a">Memory, Diaspora and the Female Body in Little Haiti: Edwidge Danticat's "Reading Lessons"</subfield>
  </datafield>
  <datafield tag="260" ind1=" " ind2=" ">
    <subfield code="c">2013</subfield>
  </datafield>
  <datafield tag="506" ind1="0" ind2=" ">
    <subfield code="a">Access copy available to the general public</subfield>
    <subfield code="f">Unrestricted</subfield>
  </datafield>
  <datafield tag="520" ind1="3" ind2=" ">
    <subfield code="a">ABSTRACT: This article approaches Haitian-American Edwidge Danticat’s short story “Reading Lessons” by focusing on acts of memory as a response to traumatic experience that are made manifest on the diasporic space and the black woman’s body. By means of the anomaly trope, articulated through ambivalence and dissociation, as well as an emphasis on indirection, reflexive self-questioning and an avoidance of closure, the text complicates the full access to traumatic experience in the diaspora, thus showing a resistance to appropriation and calling for an opening of the trauma paradigm that pays a close attention to context. It is by articulating an ambivalent relation to home and memory, by calling readers to recognize their own positioning, and by arguing for the need to acknowledge the vulnerability of others, that memory is offered as a possibility for change.

RESUMEN: Este artículo se aproxima al relato de la haitiana-americana Edwidge Danticat “Reading Lessons” centrándose en diversos actos de memoria en respuesta a experiencias traumáticas que se ponen de manifiesto en el espacio diaspórico y el cuerpo de la mujer de color. Por medio del tropo de la anomalía, articulado a través de la ambivalencia y la disociación, además del énfasis en la indirección, el auto-cuestionamiento reflexivo y la resistencia a los cierres, el texto complica el acceso completo a la experiencia traumática en la diáspora, mostrando un rechazo de la apropriación y demandando una apertura del paradigma del trauma que atienda especialmente al contexto. La memoria se ofrece como posibilidad para el cambio a través de la articulación de una relación ambivalente con el hogar y la memoria, de una llamada a los lectores para que reconozcan su posicionamiento y argumentando la necesidad de reconocer la vulnerabilidad de los otros.</subfield>
  </datafield>
  <datafield tag="540" ind1=" " ind2=" ">
    <subfield code="9">info:eu-repo/semantics/openAccess</subfield>
    <subfield code="a">by-nc-nd</subfield>
    <subfield code="u">https://creativecommons.org/licenses/by-nc-nd/4.0/deed.es</subfield>
  </datafield>
  <datafield tag="655" ind1=" " ind2="4">
    <subfield code="a">info:eu-repo/semantics/article</subfield>
    <subfield code="v">info:eu-repo/semantics/publishedVersion</subfield>
  </datafield>
  <datafield tag="710" ind1="2" ind2=" ">
    <subfield code="1">3004</subfield>
    <subfield code="2">345</subfield>
    <subfield code="a">Universidad de Zaragoza</subfield>
    <subfield code="b">Dpto. Filolog.Inglesa y Alema.</subfield>
    <subfield code="c">Área Filología Inglesa</subfield>
  </datafield>
  <datafield tag="773" ind1=" " ind2=" ">
    <subfield code="g">17 (2013), 93-111</subfield>
    <subfield code="p">Rev. estud. norteam.</subfield>
    <subfield code="t">Revista de Estudios Norteamericanos</subfield>
    <subfield code="x">1133-309X</subfield>
  </datafield>
  <datafield tag="856" ind1="4" ind2=" ">
    <subfield code="s">223910</subfield>
    <subfield code="u">http://zaguan.unizar.es/record/162089/files/texto_completo.pdf</subfield>
    <subfield code="y">Versión publicada</subfield>
  </datafield>
  <datafield tag="856" ind1="4" ind2=" ">
    <subfield code="s">1341474</subfield>
    <subfield code="u">http://zaguan.unizar.es/record/162089/files/texto_completo.jpg?subformat=icon</subfield>
    <subfield code="x">icon</subfield>
    <subfield code="y">Versión publicada</subfield>
  </datafield>
  <datafield tag="909" ind1="C" ind2="O">
    <subfield code="o">oai:zaguan.unizar.es:162089</subfield>
    <subfield code="p">articulos</subfield>
    <subfield code="p">driver</subfield>
  </datafield>
  <datafield tag="951" ind1=" " ind2=" ">
    <subfield code="a">2025-10-17-14:10:36</subfield>
  </datafield>
  <datafield tag="980" ind1=" " ind2=" ">
    <subfield code="a">ARTICLE</subfield>
  </datafield>
</record>
</collection>